| 000 | 00614nam a2200253 a 4500 | ||
|---|---|---|---|
| 001 | nice12345678 | ||
| 003 | IN_TiNIC | ||
| 005 | 20260116013523.0 | ||
| 008 | 050524s1995 dela grp 000 0 eng | ||
| 020 |
_a _c185 |
||
| 082 | 0 | 0 |
_a305.629705496 _bDAS |
| 100 | _aDastidar, Mollica | ||
| 245 | _aReligious Minorities in Nepal | ||
| 260 |
_aDelhi _bNirala Pub _c1995 |
||
| 300 | _a140p | ||
| 500 | _aincludes index and biblioraphy | ||
| 505 | 2 | _aGlossary | |
| 650 | _aMuslims-Nepal | ||
| 650 | _aMinorities-Nepal | ||
| 700 | 1 | _aDastidar, Mollica | |
| 902 | _bSRS | ||
| 942 | _cBK | ||
| 999 |
_c11312 _d11312 |
||